000
00253nam a2200097Ia 4500
001
1003592
005
20250826230451.0
008
250824s9999 xx 000 0 und d
245
0
_a
KOYUNLAR KRALI 1 LOUIS
_c
OLIVIER TALIEC
260
_b
HEP KİTAP YAYINLARI
999
_c
1003592
_d
1003592